LEADER 02912nam 2200673 a 450 001 9910462179803321 005 20200520144314.0 010 $a9786613912824 010 $a1-283-60037-4 010 $a1-4616-2717-6 035 $a(CKB)2670000000241996 035 $a(EBL)1022016 035 $a(SSID)ssj0000767701 035 $a(PQKBManifestationID)12331894 035 $a(PQKBTitleCode)TC0000767701 035 $a(PQKBWorkID)10741015 035 $a(PQKB)10759059 035 $a(SSID)ssj0000760983 035 $a(PQKBManifestationID)12280851 035 $a(PQKBTitleCode)TC0000760983 035 $a(PQKBWorkID)10721380 035 $a(PQKB)11343380 035 $a(MiAaPQ)EBC1022016 035 $a(Au-PeEL)EBL1022016 035 $a(CaPaEBR)ebr10602793 035 $a(CaONFJC)MIL391282 035 $a(OCoLC)854519967 035 $a(EXLCZ)992670000000241996 100 $a20000623d2001 uy 0 101 0 $aeng 135 $aur|n|---||||| 181 $ctxt 182 $cc 183 $acr 200 00$a101 more favorite play therapy techniques$b[electronic resource] /$fedited by Heidi Gerard Kaduson, Charles E. Schaefer 210 $aNorthvale, N.J. $cJ. Aronson$dc2001 215 $a1 online resource (480 p.) 225 0$aChild therapy series 300 $aDescription based upon print version of record. 311 $a0-7657-0299-1 311 $a0-7657-0800-0 320 $aIncludes bibliographical references. 327 $asection 1. Story telling techniques -- section 2. Expressive arts techniques -- section 3. Game play techniques -- section 4. Puppet play techniques -- section 5. Toy and play object techniques -- section 6. Group play techniques -- section 7. Other techniques. 330 $aSeparated into seven categories for easy reference, the techniques within each chapter are applied to practice situations in a concise format for easy reference and use. The interventions illustrated include Storytelling, to enhance verbalizations in children; Expressive Art, to promote children's coping ability by using various art mediums; Game Play, to help children express themselves in a playful environment; Puppet Play, to facilitate the expression of conflicting emotions; Play Toys and Objects, to demonstrate the therapeutic use of various toys and objects in the playroom; Group Play, t 517 3 $aOne hundred one more favorite play therapy techniques 517 3 $aOne hundred and one more favorite play therapy techniques 606 $aPlay therapy 608 $aElectronic books. 615 0$aPlay therapy. 676 $a618.92/891653 701 $aKaduson$b Heidi$0866224 701 $aSchaefer$b Charles E$0866225 801 0$bMiAaPQ 801 1$bMiAaPQ 801 2$bMiAaPQ 906 $aBOOK 912 $a9910462179803321 996 $a101 more favorite play therapy techniques$92041204 997 $aUNINA LEADER 02719nam 2200661 a 450 001 9910457846803321 005 20200520144314.0 010 $a1-283-63696-4 010 $a0-8263-4693-6 035 $a(CKB)2550000000050941 035 $a(EBL)1119018 035 $a(OCoLC)817819476 035 $a(SSID)ssj0000533708 035 $a(PQKBManifestationID)11364376 035 $a(PQKBTitleCode)TC0000533708 035 $a(PQKBWorkID)10489215 035 $a(PQKB)10632718 035 $a(MiAaPQ)EBC1119018 035 $a(OCoLC)759158378 035 $a(MdBmJHUP)muse3470 035 $a(Au-PeEL)EBL1119018 035 $a(CaPaEBR)ebr10492336 035 $a(CaONFJC)MIL394942 035 $a(EXLCZ)992550000000050941 100 $a20090209d2009 uy 0 101 0 $aeng 135 $aur|n|---||||| 181 $ctxt 182 $cc 183 $acr 200 14$aThe adaptive optics revolution$b[electronic resource] $ea history /$fRobert W. Duffner ; foreword by Robert Q. Fugate 210 $aAlbuquerque $cUniversity of New Mexico Press$d2009 215 $a1 online resource (487 p.) 300 $aDescription based upon print version of record. 311 $a0-8263-4691-X 320 $aIncludes bibliographical references and index. 327 $aSputnik, reality, and technology -- Early days : the Romans -- Rome and Itek : first adaptive optics systems -- Laser guide stars -- Fugate's Rayleigh guide star experiments -- Lincoln laboratory -- Sharing the gold : astronomical nuggets -- Strategic defense initiative -- Airborne laser -- 3.5-meter military telescope complex : Starfire Optical Range, New Mexico -- 3.67-meter military telescope complex : Maui, Hawaii -- Sodium guide star laser : the future. 330 $aDuffner has compiled the history of the most revolutionary breakthrough in astronomy since Galileo pointed his telescope skyward--the technology that will greatly expand our understanding of the universe. 606 $aOptics, Adaptive$xHistory 606 $aOptics, Adaptive$xResearch$zUnited States$xHistory 606 $aLaser guide star adaptive optics 606 $aLasers$xMilitary applications 606 $aSpace telescopes 608 $aElectronic books. 615 0$aOptics, Adaptive$xHistory. 615 0$aOptics, Adaptive$xResearch$xHistory. 615 0$aLaser guide star adaptive optics. 615 0$aLasers$xMilitary applications. 615 0$aSpace telescopes. 676 $a621.36/9 700 $aDuffner$b Robert W$0916424 801 0$bMiAaPQ 801 1$bMiAaPQ 801 2$bMiAaPQ 906 $aBOOK 912 $a9910457846803321 996 $aThe adaptive optics revolution$92054407 997 $aUNINA